000 00733nam a2200289Ia 4500
005 20260324134321.0
008 008 260324s9999 xx 000 0 eng d
020 _a9781315023717
037 _aEBOOK
040 _aCRL
040 _beng
040 _cCRL
041 _2eng
041 _aeng
084 _qCRL
100 _aKeith Nickolaus
_91196366
245 0 _aMarriage Fictions in Old French Secular Narratives, 1170-1250
245 2 _bA Critical Re-evaluation of the Courtly Love Debate
260 _bTaylor and Francis
260 _c2002
365 _a
365 _b145
856 _uhttp://www.taylorfrancis.com/books/9781315023717
942 _cEBOOK
999 _c1796329
_d1796329